000 00733nam a2200289Ia 4500
005 20260324124453.0
008 008 260324s9999 xx 000 0 eng d
020 _a9781315606569
037 _aEBOOK
040 _aCRL
040 _beng
040 _cCRL
041 _2eng
041 _aeng
084 _qCRL
100 _aCary L. Cooper; Ronald J. Burke
_91174280
245 0 _aRisky Business
245 0 _bPsychological, Physical and Financial Costs of High Risk Behavior in Organizations
260 _bTaylor and Francis
260 _c2010
365 _a
365 _b240
856 _uhttp://www.taylorfrancis.com/books/9781315606569
942 _cEBOOK
999 _c1768684
_d1768684